banner-ar

تاريخ الغربية واعمالها فى العصر الاسلامى ( 21 - 567 هـ \ 642 - 1171 م ) / (Record no. 32867)

MARC details
000 -الفاتح
حقل البيانات ثابتة الطول 00856nam a2200217Ia 4500
005 - وقت وتاريخ اخر تعامل مع التسجيلة
رقم الضبط 20240530102525.0
008 - عناصر البيانات ثابتة الطول - معلومات عامة
حقل البيانات ثابتة الطول 140319s9999 xx 000 0 ara d
020 ## - الرقم الدولى المعيارى للكتب
الرقم الدولى المعيارى للكتاب 6785801977
040 ## - مصدر الفهرسة
وكالة الفهرسة الأصلية GCL /
وكالة النسخ GCL
082 04 - رقم تصنيف ديوى العشرى
رقم التصنيف 962.141
رقم المادة ق/ا ت
100 1# - المدخل الرئيسى - إسم شخصى
الإسم الشخصى السيد محمد احمد عطا
245 10 - بيان العنوان
العنوان تاريخ الغربية واعمالها فى العصر الاسلامى ( 21 - 567 هـ \ 642 - 1171 م ) /
بيان المسئوليه,etc السيد محمد احمد عطا
260 ## - PUBLICATION, DISTRIBUTION, ETC. (IMPRINT)
تاريخ النشر أو التوزيع 2002
300 ## - الوصف المادى
التعداد 530 ص ؛
أبعاد الوعاء 22 سم
490 ## - بيان السلسلة
عنوان السلسلة تاريخ المصريين
رقم المجلد/ التعيين التسلسلي 205
650 04 - المدخل الاضافى بالموضوع-مصطلح موضوعى
مصطلح موضوعي الغربية، محافظة
650 04 - المدخل الاضافى بالموضوع-مصطلح موضوعى
مصطلح موضوعي مصر - تاريخ - عصر صدر الاسلام
650 04 - المدخل الاضافى بالموضوع-مصطلح موضوعى
مصطلح موضوعي الغربية - تاريخ - عصر صدر الاسلام
942 ## - عناصر المدخل الإضافي( كوها)
مصدر التصنيف او مخطط الترفيف Dewey Decimal Classification
Koha [default] item type كتاب
260 ## - PUBLICATION, DISTRIBUTION, ETC. (IMPRINT)
-- القاهرة :
-- الهيئة المصرية العامة للكتاب ،
Holdings
حالة التراجع حالة الفقد حالة تلف ليس للاعارة المكان المؤقت الموقع الحالى تاريخ الاكتساب اجمالي اﻻعارات رقم الطلب الباركود تاريخ اخر مشاهدة تاريخ تفعيل السعر نوع وعاء كوها
        مكتبة القاهرة الكبرى مكتبة القاهرة الكبرى 03/26/2014   962.141 ق/ا ت 77488 03/26/2014 03/26/2014 كتاب
        مكتبة القاهرة الكبرى مكتبة القاهرة الكبرى 03/26/2014   962.141 ق/ا ت 77489 03/26/2014 03/26/2014 كتاب

Powered By

EGPV